000 00600nam a2200193 a 4500
005 20230223063535.0
008 141017s2000 mx r 000 0 spa d
020 _a9684444214
035 _aUPN01000200198
049 _aCG
050 4 _aHF5351
_bA3.6
245 0 0 _aAdministración :
_bun enfoque interdisciplinario /
_ced. Gloria Robles Valdés.
260 _aMéxico :
_bPearson Educación,
_cc2000.
300 _axxv, 420 p. :
_bil., gráfs., cuadros
650 2 _aAdministración
_xEstudio y enseñanza
_9423
700 1 _aRobles Valdés, Gloria,
_eed.
905 _aLibro
999 _c172299
_d172299